| 000 | 00413nam a22001457a 4500 | ||
|---|---|---|---|
| 020 | _qPB. | ||
| 040 | _cFIZZA ISHAQ | ||
| 082 |
_a658.15 _bSCH |
||
| 100 |
_aSchweser , Kaplan. _9134279 |
||
| 245 |
_aEconomics Schwesernotes 2009 CFA Exam Level 1 / _cKaplan Schweser. |
||
| 250 | _aBook 2. | ||
| 260 |
_aAmerica: _bKaplan Schweser, _c2008. |
||
| 300 |
_aIndex inc, 214 P. ; _c10.2 x 8.3 x 0.6 in |
||
| 942 |
_2ddc _cBK |
||
| 999 |
_c617256 _d617256 |
||